000 00411nam a2200145 4500
999 _c508992
_d508992
008 190417b ||||| |||| 00| 0 eng d
100 _aDholakia, Ravindra H.
_94551
245 _aIssues in measurement of inflation targeting
260 _c2018
300 _ap.14-16.
650 _aInflation and deflation
_94552
773 _aEconomic and Political Weekly
906 _aInflation - India
942 _2ddc
_cAR